Ako vlastne vzniklo Bienále ilustrácií Zhovárame sa s riaditeľom vydavateľstva Mladé letá Rudom Moricom, nositeľom Radu práce a zaslúžilým umelcom

Bibliographic Details
Main Author: Moric, Rudo, 1921-1985 (Author)
Format: Article
Language:Slovak
PhysicalDescription:Obr. 1.
Subjects:

MARC

LEADER 00000nab a2200000 a 4500
001 vtls000093348
003 SK-MaSNL
005 20260305015731.0
008 111103c1981 xo 0 slo
015 |a SNBRB19rr/mm-uuuuu 
035 |a CL0103451 
040 |a SNKBUCL  |b slo  |c SNKBUCL  |e AACR2 
041 0 |a slo 
044 |a xo  |c SK 
080 |a 76  |2 1981 
100 1 |a Moric, Rudo,  |d 1921-1985  |4 aut  |9 86508 
245 1 0 |a Ako vlastne vzniklo Bienále ilustrácií  |b Zhovárame sa s riaditeľom vydavateľstva Mladé letá Rudom Moricom, nositeľom Radu práce a zaslúžilým umelcom  |c Rudo Moric 
300 |b Obr. 1. 
611 2 7 |a Bienále ilustrácií Bratislava  |2 snkbucl  |9 32022 
650 0 7 |a publikácie pre deti  |2 snkbucl  |9 249868 
650 0 7 |a knižné ilustrácie  |2 snkbucl  |9 2742 
655 7 |a články z novín a časopisov  |2 snkbucl  |9 267496 
773 0 |t Večerník  |g Roč. 26, č. 154 (7. 8. 1981), s. 6 
850 |a Slovenská národná knižnica v Martine  |a MTA001 
852 |a SNK  |b KIS3GCP 
958 |a RK 
992 |a RBX 
999 |c 3276813  |d 3278743